000 00372nam a22001577a 4500
020 _a978-1-7849-411125-7
082 _a823
_bSAR/B
100 _aSARAH
245 _aBAILEYS STORY
_bSHORT STORY
246 _aBAILEYS STORY
_bSHORT STORY
260 _aUK
_bTHE RANDON HOUSE GROUP LTD
_c2010
300 _a111
520 _aSHORT STORY
650 _aSHORT STORY
942 _cBK
999 _c1797
_d1797